000 00883nam a2200265Ia 4500
003 OSt
005 20220925183820.0
006 a|||||r|||| 00| 0
007 ta
008 220923b |||||||| |||| 00| 0 eng d
037 _cGeneral Book
040 _aRTL
_cRTL
_beng
041 _2eng
_aeng
082 _aY:1.281.N9, N6/GD
110 _aDELHI,ECO.AND STATISTICS (D/O-).
_9259375
245 0 _aReport on participation in cultural activities in Delhi
_b National sample survey 47th round (July - Dec, 1991) (State sample)
260 _aDelhi
_bM O P
_c1996
300 _a44p
_ccm.
490 _aNational Sample Survey 47th Round, State Sample
650 _a Sociology
650 _aCivilization and Cultural
_9259376
700 _aDELHI,ECO.AND STATISTICS (D/O-).
_9259377
942 _hY:1.281.N9, N6/GD
_cGB
_2CC
999 _c505911
_d505911